000 00847nam a2200349Ia 4500
001 11475
005 20240113235312.0
007 ta
008 050811s1958 g b000 u eng u
040 _aCotton College,Assam
041 _aeng
082 _a954.085
_bD 954 L
082 _a954.1
_bD 954 L
082 _a954.16
_bDu 95 La
100 _aDutt, KN.
245 0 _aLandmarks of the Freedom Struggle in Assam /
_cKN Dutt.
_hTextual Documents
250 _a1st ed. /
260 _aGuwahati :
_bLawyers Book Stall ,
_c1958.
300 _a130p. ;
_c22cm.
653 _aHistory-Assam
653 _aG-History
942 _2ddc
_cBK
999 _c11462
_d11462